000 00632nam a2200265Ia 4500
005 20260306164545.0
008 008 260114s9999 xx 000 0 eng d
020 _a9780300274998
037 _aEBOOK
040 _aCRL
040 _beng
040 _cCRL
041 _2eng
041 _aeng
084 _qCRL
100 _aLevin
245 0 _aOur Palestine Question: Israel And American Jewish Dissent, 1948-1978
260 _bYale University Press
260 _c2024
650 _aHistory
856 _uhttps://academic.oup.com/book/56532
942 _cEBOOK
999 _c1714504
_d1714504